| 000 | 00827nam a22002177a 4500 | ||
|---|---|---|---|
| 005 | 20090826103933.0 | ||
| 008 | 090826t xxu||||| |||| 00| 0 eng d | ||
| 010 | _aENG-94895 | ||
| 020 |
_a9788178795164 _c300.00 |
||
| 035 | _aEN-78428 | ||
| 037 | _bDBAD / PUB | ||
| 040 |
_adpl _bEnglish |
||
| 082 | _a796.07 | ||
| 245 |
_aPrinciples of physical education / _cedited & compiled by Baljit Singh |
||
| 260 |
_aNew Delhi _bSports Publication _c2009 |
||
| 270 |
_a7/26, Gound Floor, Ansari Road, Darya Ganj, _bNew Delhi _e110002 |
||
| 300 |
_a288p. _c22cm(pbk) |
||
| 700 | _aBaljit Singh | ||
| 942 |
_2ddc _cEN _mPRI _h796.07 |
||
| 999 |
_c29601 _d29601 |
||